Quiz o Sealandzie - Statystyki

Ogólne statystyki
  • Ten quiz został rozwiązany 31 razy
    13 od ostatniego zresetowania
  • Średni wynik to 2 z 5
Statystyki odpowiedzi
Temat Odpowiedź % Poprawnych
Język Angielski
100%
Waluta ... Sealandzki Dolar
50%
Powierzchnia km² 0,0056
25%
Rok Powstania 1967
8%
Najbliższe Brytyjskie Miasto Felixstowe
8%
Nie znaleziono quizów pasujących do podanych kryteriów
Rozkład punktacji
Procent ludzi z każdym wynikiem
Percentyl według liczby udzielonych odpowiedzi
Twoja historia wyników
Nie rozwiązałeś tego quizu od ostatniego zresetowania